| 000 | 00427nam a2200133Ia 4500 | ||
|---|---|---|---|
| 008 | 200922s9999 xx 000 0 und d | ||
| 020 | _a978-110-7535-03-9 | ||
| 100 | _aKezik, Julie | ||
| 245 |
_cJulie Kezik, Melissa Hill _aData management essentials: _busing SAS and JMP/ |
||
| 260 |
_aUK: _bCambridge University Press _c2016 |
||
| 300 |
_axiii, 134 pages _c23 cm. |
||
| 650 | _aComputer science | ||
| 650 | _aDatabase management | ||
| 999 |
_c364375 _d364375 |
||